000 00616nam a2200253Ia 4500
003 OSt
005 20221007102859.0
006 a|||||r|||| 00| 0
007 ta
008 221006b |||||||| |||| 00| 0 eng d
020 _a8170129044
024 _a11,639
037 _cTextual
040 _aLCO
_cLCO
_beng
041 _2eng
_aeng
082 _aX8(A):Z, P4
100 _aMalik P.L.
245 0 _aIndustrial Law
250 _a19th
260 _aLucknow
_bEastern Book Company India
_c2004
490 _vVol.2
942 _hX8(A):Z, P4
_cTEXL
999 _c1181202
_d1181202